| 000 | 00711nam a2200253Ia 4500 | ||
|---|---|---|---|
| 001 | Z_5121 | ||
| 003 | CHAP | ||
| 008 | 220113s2=00 xx 000 0 und d | ||
| 010 | _a168178 | ||
| 040 | _cCHAP | ||
| 082 | _a574.87 S35 2002 | ||
| 100 | 1 |
_aSalazar Bustos, Ma. del Socorro _9140910 |
|
| 245 |
_aManual de prácticas de laboratorio en biología celular / _cpor Ma. del Socorro Salazar Bustos |
||
| 260 |
_aMéxico : _bUACh. Departamento de Zootecnia, _c2002 |
||
| 300 | _a89 h. | ||
| 503 | _aej.1: - ej.6: s/n (impresión) | ||
| 650 |
_aCitología _xManuales de laboratorio _923493 |
||
| 901 | _a574.87 S35 2002 | ||
| 902 | _aM | ||
| 910 | _a2=00 | ||
| 942 | _c1 | ||
| 942 | _cc1 | ||
| 999 |
_c168178 _d168178 |
||